000 00498nam a22001690a 4500
001 PT33192
003 AR-LpoUNG
005 20210131230059.0
008 191001suuuu||||ag |||||||||||||||||spa d
040 _aAR-LpoUNG
_bspa
_cAR-LpoUNG
_eaacr
082 0 _a372.01 436mag
100 1 _aPereira, Luiz Carlos Bresser
245 1 0 _aO magistério primário numa sociedade de classes :
_bestudo de uma ocupação em São Paulo
260 _as.l.
_bLivraria Pioneira,
_cs.f.
905 _a33192
942 _cLIB
999 _c1287
_d1287